Normal view MARC view

Entry Nome pessoal

Number of records used in: 1

001 - NÚMERO DE CONTROLE

  • campo de controle: 422

003 - IDENTIFICADOR DO NÚMERO DE CONTROLE

  • campo de controle: Br

005 - DATA E HORÁRIO DA ÚLTIMA TRANSAÇÃO

  • campo de controle: 20250204083419.0

008 - CAMPO DE DADOS FIXOS

  • campo de controle de tamanho fixo: 971119n| acnnnaab| aaaa |d

024 7# - OUTRO IDENTIFICADOR PADRÃO

  • Número padrão ou código: http://viaf.org/viaf/34456245
  • Fonte: VIAF

024 7# - OUTRO IDENTIFICADOR PADRÃO

  • Número padrão ou código: http://id.loc.gov/authorities/names/n80162724
  • Fonte: LCCN

035 ## - NÚMERO DE CONTROLE DO SISTEMA

  • Número de Controle do Sistema: 97111918280626E18

040 ## - FONTE DA CATALOGAÇÃO

  • Instituição da catalogação original: Br
  • Instituição que transcreveu o registro: Br
  • Idioma da catalogação: por

100 1# - CABEÇALHO--NOME PESSOAL

  • Nome pessoal: Ende, Michael,
  • Datas associadas ao nome: 1929-1995.

400 1# - REMISSIVA VER--NOME PESSOAL

  • Nome pessoal: Helmuth, Michael Andreas
  • Datas associadas ao nome: 1929-1995

670 ## - FONTE POSITIVA DOS DADOS

  • Citação da fonte positiva dos dados: Autor de: A escola de magia e outras histórias. 1997.

670 ## - FONTE POSITIVA DOS DADOS

  • Citação da fonte positiva dos dados: LC authorities 20/10/2020
  • Dados encontrados na fonte localizada no subcampo: (d.n.; rem.; foi um escritor alemão de fantasia e ficção infantil).

670 ## - FONTE POSITIVA DOS DADOS

  • Citação da fonte positiva dos dados: Seu: O espelho
  • Dados encontrados na fonte localizada no subcampo: (d.n.)

670 ## - FONTE POSITIVA DOS DADOS

  • Citação da fonte positiva dos dados: Jornal do Brasil, 30/08/95
  • Dados encontrados na fonte localizada no subcampo: (d.m.)

670 ## - FONTE POSITIVA DOS DADOS

  • Citação da fonte positiva dos dados: Liv. cat

670 ## - FONTE POSITIVA DOS DADOS

  • Citação da fonte positiva dos dados: VIAF 20/10/2020

675 ## - FONTE NEGATIVA DOS DADOS

  • Citação da fonte positiva dos dados: CA-FGV

Powered by Koha